[Event "Ontario ch (1995)"]
[Site "Toronto CAN"]
[Date "1996.01.??"]
[Round "4"]
[White "Day, Lawrence"]
[Black "Nickoloff, Bryon"]
[Result "1-0"]
[WhiteElo "2445"]
[BlackElo "2474"]
[PlyCount "111"]
[EventDate "1996.01.??"]
[EventType "tourn"]
[EventRounds "9"]
[EventCountry "CAN"]
[EventCategory "3"]

1. d4 d5 2. Nf3 Nf6 3. g3 c6 4. Bg2 Bf5 5. O-O Nbd7 6. b3 e6 7. Bb2 Bd6 8. Nbd2
O-O 9. c4 Qe7 10. a3 Rac8 11. Re1 Rfd8 12. Nh4 Bg4 13. Qb1 Qf8 14. e4 dxe4 15.
Nxe4 Nxe4 16. Qxe4 Nf6 17. Qc2 Rd7 18. h3 Bh5 19. g4 Bg6 20. Qe2 Rcd8 21. Bf3
Be7 22. Nxg6 hxg6 23. b4 Ne8 24. Red1 Bf6 25. Qe3 g5 26. Rd2 a6 27. Rad1 Nc7
28. Bc3 Qd6 29. h4 Qe7 30. h5 Rd6 31. Qe4 R8d7 32. c5 Rd5 33. Qe3 Qd8 34. a4 e5
35. dxe5 Rxd2 36. Rxd2 Rxd2 37. Bxd2 Be7 38. a5 Ne6 39. Be4 Kf8 40. Qd3 Qc7 41.
Bc3 Nf4 42. Qd1 Ke8 43. Kf1 Qd7 44. Qxd7+ Kxd7 45. Bf5+ Ne6 46. Ke2 Bd8 47. Ke3
Bc7 48. Bb1 Nf4 49. Ba2 Nd5+ 50. Bxd5 cxd5 51. e6+ Kxe6 52. Bxg7 f6 53. Bf8 Be5
54. Kd3 Bb2 55. b5 Ba3 56. h6 1-0

[Event "Ontario ch (1995)"]
[Site "Toronto CAN"]
[Date "1996.01.??"]
[Round "5"]
[White "Nickoloff, Bryon"]
[Black "Campbell, Brett"]
[Result "1-0"]
[WhiteElo "2474"]
[BlackElo "2314"]
[PlyCount "79"]
[EventDate "1996.01.??"]
[EventType "tourn"]
[EventRounds "9"]
[EventCountry "CAN"]
[EventCategory "3"]

1. d4 Nf6 2. c4 d6 3. Nf3 Bf5 4. Nc3 h6 5. g3 c6 6. Bg2 Nbd7 7. O-O e5 8. Re1
Be7 9. e4 Bg4 10. h3 Bxf3 11. Bxf3 Qb6 12. d5 Nc5 13. Rb1 a5 14. b3 O-O 15. Be3
Nfd7 16. h4 Qd8 17. a3 Nb6 18. b4 axb4 19. axb4 Nca4 20. Nxa4 Nxa4 21. Ra1 Nb6
22. Rxa8 Nxa8 23. dxc6 bxc6 24. Qa4 Qc7 25. Ra1 Rb8 26. Qxa8 Rxa8 27. Rxa8+ Kh7
28. Ra7 Qd8 29. b5 c5 30. Bg4 Kg6 31. Bd7 Qb6 32. Ra6 Qb8 33. Bxc5 Qc7 34. Bf5+
Kh5 35. Rc6 Qa5 36. Be3 g6 37. Bd7 Qb4 38. Kg2 g5 39. g4+ Kxh4 40. f3 1-0

[Event "Ontario ch (1995)"]
[Site "Toronto CAN"]
[Date "1996.01.??"]
[Round "6"]
[White "Teodoro, Eduardo"]
[Black "Nickoloff, Bryon"]
[Result "1-0"]
[WhiteElo "2419"]
[BlackElo "2474"]
[PlyCount "79"]
[EventDate "1996.01.??"]
[EventType "tourn"]
[EventRounds "9"]
[EventCountry "CAN"]
[EventCategory "3"]

1. e4 c5 2. Nf3 d6 3. d4 cxd4 4. Nxd4 Nf6 5. Nc3 a6 6. Be2 e5 7. Nf3 Be7 8. O-O
O-O 9. Bg5 Nbd7 10. Qd2 b5 11. a4 Bb7 12. axb5 axb5 13. Bxb5 Nxe4 14. Nxe4 Bxe4
15. Rxa8 Bxa8 16. Bxe7 Qxe7 17. Rd1 Bxf3 18. gxf3 Nc5 19. Qxd6 Qg5+ 20. Kh1 Qf5
21. Be2 Qxc2 22. Qxe5 Ne6 23. b4 g6 24. Qe4 Qb2 25. Rb1 Qc3 26. Qe3 Qc2 27. Bd3
Qa2 28. b5 Qd5 29. b6 Rb8 30. Be4 Qd6 31. b7 Nc5 32. Rb5 Ne6 33. Rd5 Qc7 34.
Rd1 Nd8 35. Rc1 Qd6 36. Rc8 Kg7 37. Qc3+ Kh6 38. Rxb8 Nc6 39. Qc1+ g5 40. Rc8
1-0

[Event "Ontario ch (1995)"]
[Site "Toronto CAN"]
[Date "1996.01.??"]
[Round "8"]
[White "Beckwith, Paul"]
[Black "Nickoloff, Bryon"]
[Result "1-0"]
[WhiteElo "2303"]
[BlackElo "2474"]
[PlyCount "117"]
[EventDate "1996.01.??"]
[EventType "tourn"]
[EventRounds "9"]
[EventCountry "CAN"]
[EventCategory "3"]

1. e4 e6 2. d4 d5 3. exd5 exd5 4. Bd3 Bd6 5. Ne2 Ne7 6. b3 Bg4 7. f3 Bh5 8. c4
c5 9. Bb2 cxd4 10. Nxd4 dxc4 11. Bxc4 Be5 12. Na3 Nbc6 13. Nxc6 Nxc6 14. Bxe5
Qa5+ 15. Kf2 Qc5+ 16. Kf1 Qxe5 17. g4 Bg6 18. Qe1 O-O-O 19. Qxe5 Nxe5 20. Kg2
Rd2+ 21. Kg3 Rhd8 22. Rhc1 Kb8 23. Bf1 a6 24. f4 R8d3+ 25. Bxd3 Rxd3+ 26. Kg2
Rd2+ 27. Kg3 Rd3+ 28. Kg2 Nxg4 29. Nc4 b5 30. Ne5 Be4+ 31. Kg1 Nxe5 32. fxe5
Rd2 33. Re1 Bc6 34. Rac1 Kb7 35. e6 fxe6 36. Rxe6 Bf3 37. Re7+ Kb6 38. Rxg7
Rxa2 39. Rxh7 Rg2+ 40. Kf1 Rb2 41. Rh6+ Ka5 42. Ra1+ Kb4 43. Raxa6 Rxb3 44. Kf2
Bd5 45. Rh4+ Bc4 46. Rf4 Rh3 47. Kg2 Rh8 48. h4 Kc5 49. Rf5+ Kd4 50. h5 b4 51.
Rf4+ Kc5 52. Ra5+ Kb6 53. Re5 Rc8 54. Rf6+ Kb7 55. Re7+ Ka8 56. Rb6 Rh8 57. Re5
Ka7 58. Rxb4 Ba6 59. Kg3 1-0

[Event "Remembrance Day op"]
[Site "Toronto CAN"]
[Date "1995.11.??"]
[Round "?"]
[White "Nickoloff, Bryon"]
[Black "Day, Lawrence"]
[Result "0-1"]
[WhiteElo "2474"]
[BlackElo "2445"]
[PlyCount "74"]
[EventDate "1995.11.11"]
[EventType "swiss"]
[EventRounds "5"]
[EventCountry "CAN"]

1. d4 d6 2. Nf3 Bg4 3. c4 Nd7 4. g3 c6 5. Bg2 Ngf6 6. Nc3 h6 7. d5 c5 8. Qd3
Bh5 9. Bh3 g5 10. Bf5 Bg4 11. Bxg4 Nxg4 12. Qc2 Nge5 13. Nxe5 Nxe5 14. f4 gxf4
15. gxf4 Ng6 16. Qa4+ Qd7 17. Nb5 Kd8 18. Bd2 b6 19. b4 Bg7 20. O-O-O cxb4 21.
Qxb4 Kc8 22. e4 Kb7 23. Be3 Rhc8 24. Kb1 Rab8 25. Rd3 a6 26. Nd4 Bxd4 27. Rxd4
Qh3 28. Qd2 Nh4 29. Qe2 Qf3 30. Re1 f6 31. Bf2 Qxf4 32. e5 Qf5+ 33. Kb2 Nf3 34.
exd6 Nxe1 35. Qxe7+ Ka8 36. Qxe1 Rd8 37. Qd2 Qf3 0-1

[Event "CAN-ch"]
[Site "Ottawa CAN"]
[Date "1995.08.13"]
[Round "2"]
[White "Leveille, Francois"]
[Black "Nickoloff, Bryon"]
[Result "1/2-1/2"]
[WhiteElo "2360"]
[BlackElo "2405"]
[PlyCount "57"]
[EventDate "1995.08.12"]
[EventType "tourn"]
[EventRounds "9"]
[EventCountry "CAN"]

1. e4 c5 2. Nf3 e6 3. c3 Nf6 4. e5 Nd5 5. g3 d6 6. Bg2 Nc6 7. exd6 Bxd6 8. O-O
O-O 9. Na3 b6 10. Re1 Bb7 11. Nc4 Re8 12. d4 cxd4 13. Nxd4 Nxd4 14. Nxd6 Qxd6
15. Qxd4 Qc7 16. Qa4 Nf6 17. Bf4 Qc8 18. Bxb7 Qxb7 19. Bg5 b5 20. Qd4 Nd5 21.
a4 a6 22. axb5 axb5 23. b3 h6 24. Bd2 Ne7 25. Rxa8 Rxa8 26. Qe4 Qxe4 27. Rxe4
Nd5 28. Kf1 Ra2 29. Rd4 1/2-1/2

[Event "CAN-ch"]
[Site "Ottawa CAN"]
[Date "1995.08.15"]
[Round "4"]
[White "Nickoloff, Bryon"]
[Black "Stone, Raymond"]
[Result "1/2-1/2"]
[WhiteElo "2405"]
[BlackElo "2340"]
[PlyCount "50"]
[EventDate "1995.08.12"]
[EventType "tourn"]
[EventRounds "9"]
[EventCountry "CAN"]

1. d4 Nf6 2. c4 e6 3. Nf3 c5 4. d5 d6 5. Nc3 exd5 6. cxd5 g6 7. e4 Bg7 8. h3
O-O 9. Bd3 b5 10. Nxb5 Re8 11. Nd2 Nxd5 12. Nc4 Nb4 13. O-O Re6 14. Be2 Ba6 15.
a4 N8c6 16. Bg4 Rxe4 17. Ncxd6 Rd4 18. Nxd4 Nxd4 19. Nb5 Nbc2 20. Rb1 Qb6 21.
Be2 Nxe2+ 22. Qxe2 Nd4 23. Qe3 Qc6 24. Re1 Bb7 25. f3 Nc2 1/2-1/2

[Event "CAN-ch"]
[Site "Ottawa CAN"]
[Date "1995.08.18"]
[Round "7"]
[White "Livshits, Ron"]
[Black "Nickoloff, Bryon"]
[Result "1/2-1/2"]
[WhiteElo "2350"]
[BlackElo "2405"]
[PlyCount "81"]
[EventDate "1995.08.12"]
[EventType "tourn"]
[EventRounds "9"]
[EventCountry "CAN"]

1. e4 e6 2. d4 d5 3. Nc3 Bb4 4. e5 Ne7 5. a3 Bxc3+ 6. bxc3 b6 7. Qg4 Ng6 8. Bg5
Qd7 9. h4 h5 10. Qd1 Ba6 11. Bxa6 Nxa6 12. Ne2 Ne7 13. Ng3 g6 14. a4 Nb8 15. a5
Nbc6 16. axb6 cxb6 17. Nf1 Na5 18. Ne3 Rc8 19. Bf6 Rh7 20. Rxa5 bxa5 21. Qa1
Ng8 22. Qxa5 Nxf6 23. exf6 Qd8 24. Qa6 Rc7 25. O-O Kf8 26. Rb1 Kg8 27. c4 Rh8
28. cxd5 exd5 29. Rb5 Kh7 30. Nxd5 Rxc2 31. Qxa7 Rc1+ 32. Kh2 Qd6+ 33. g3 Qe6
34. Qe7 Qxe7 35. fxe7 Kg7 36. Rb7 Re8 37. Rd7 Re1 38. Ne3 Kf6 39. Nd5+ Kg7 40.
Ne3 Kf6 41. Nd5+ 1/2-1/2

[Event "CAN-ch"]
[Site "Ottawa CAN"]
[Date "1995.08.19"]
[Round "8"]
[White "Nickoloff, Bryon"]
[Black "Taylor, Gordon"]
[Result "1/2-1/2"]
[WhiteElo "2405"]
[BlackElo "2320"]
[PlyCount "45"]
[EventDate "1995.08.12"]
[EventType "tourn"]
[EventRounds "9"]
[EventCountry "CAN"]

1. d4 Nf6 2. c4 e6 3. Nf3 d5 4. Bg5 Bb4+ 5. Nc3 dxc4 6. e4 c5 7. Bxc4 cxd4 8.
Nxd4 Bxc3+ 9. bxc3 Qa5 10. Bb5+ Bd7 11. Bxf6 gxf6 12. Qb3 a6 13. Be2 Nc6 14.
O-O Qc7 15. Rab1 Na5 16. Qa3 Rc8 17. Rfd1 Qc5 18. Qc1 Qg5 19. Qb2 Rg8 20. Bf1
Qc5 21. Qd2 Ba4 22. Nb3 Nxb3 23. axb3 1/2-1/2

[Event "North Bay int."]
[Site "North Bay CAN"]
[Date "1995.08.03"]
[Round "2"]
[White "Nickoloff, Bryon"]
[Black "Powell, Bryson"]
[Result "1-0"]
[WhiteElo "2450"]
[BlackElo "2067"]
[PlyCount "65"]
[EventDate "1995.08.03"]
[EventType "swiss"]
[EventRounds "8"]
[EventCountry "CAN"]

1. d4 Nf6 2. c4 d6 3. Nf3 Bg4 4. Qb3 Qc8 5. h3 Bh5 6. g4 Bg6 7. Bg2 Nc6 8. d5
Nb8 9. Nc3 Nbd7 10. Nh4 Nc5 11. Qb5+ Kd8 12. Be3 Nce4 13. Na4 h6 14. Nxg6 fxg6
15. c5 e5 16. dxe6 c6 17. Qd3 d5 18. Bxe4 Nxe4 19. f3 Nf6 20. Qxg6 Qxe6 21. Bd4
Kd7 22. Qd3 Re8 23. Rh2 Be7 24. O-O-O Bd8 25. Rg2 Kc8 26. e3 g5 27. Nc3 Bc7 28.
Re2 Be5 29. f4 gxf4 30. exf4 Bxf4+ 31. Kc2 Qd7 32. Bxf6 Rhf8 33. Bd4 1-0

[Event "North Bay int."]
[Site "North Bay CAN"]
[Date "1995.08.04"]
[Round "3"]
[White "Littke, Adam"]
[Black "Nickoloff, Bryon"]
[Result "1/2-1/2"]
[WhiteElo "2355"]
[BlackElo "2450"]
[PlyCount "34"]
[EventDate "1995.08.03"]
[EventType "swiss"]
[EventRounds "8"]
[EventCountry "CAN"]

1. d4 Nf6 2. c4 e6 3. Nc3 Bb4 4. e3 O-O 5. Bd3 c5 6. Nf3 d5 7. O-O b6 8. a3
Bxc3 9. bxc3 Ba6 10. cxd5 exd5 11. Bxa6 Nxa6 12. Qd3 Qc8 13. Ne5 Re8 14. f3 Qb7
15. Bd2 Nb8 16. Be1 Nc6 17. Nxc6 Qxc6 1/2-1/2

[Event "North Bay int."]
[Site "North Bay CAN"]
[Date "1995.08.04"]
[Round "4"]
[White "Nickoloff, Bryon"]
[Black "Larsen, Steen Skovlund"]
[Result "1/2-1/2"]
[WhiteElo "2450"]
[BlackElo "2352"]
[PlyCount "42"]
[EventDate "1995.08.03"]
[EventType "swiss"]
[EventRounds "8"]
[EventCountry "CAN"]

1. d4 Nf6 2. c4 g6 3. Nc3 Bg7 4. e4 O-O 5. Nf3 d6 6. Be2 e5 7. Be3 c6 8. O-O
exd4 9. Bxd4 Re8 10. Qc2 Qe7 11. Rad1 Nbd7 12. Rfe1 Ne5 13. h3 Nfd7 14. Be3 Nf8
15. Qd2 Be6 16. b3 Nxf3+ 17. Bxf3 Bxh3 18. Bf4 Qf6 19. e5 dxe5 20. Bg5 Qf5 21.
Be4 Qg4 1/2-1/2

[Event "North Bay int."]
[Site "North Bay CAN"]
[Date "1995.08.05"]
[Round "5"]
[White "Dougherty, Michael"]
[Black "Nickoloff, Bryon"]
[Result "0-1"]
[WhiteElo "2309"]
[BlackElo "2450"]
[PlyCount "140"]
[EventDate "1995.08.03"]
[EventType "swiss"]
[EventRounds "8"]
[EventCountry "CAN"]

1. d4 Nf6 2. c4 e6 3. Nf3 Bb4+ 4. Bd2 c5 5. Bxb4 cxb4 6. g3 O-O 7. Bg2 d6 8.
O-O Nc6 9. Qc2 Qe7 10. Nbd2 e5 11. d5 Nb8 12. e4 a5 13. a3 Na6 14. Ne1 Qc7 15.
Nd3 bxa3 16. Rxa3 Nd7 17. Qc3 b6 18. b4 Nxb4 19. Nxb4 axb4 20. Qxb4 Rxa3 21.
Qxa3 Nc5 22. f4 exf4 23. gxf4 f5 24. Qc3 fxe4 25. Bxe4 Qe7 26. Bc2 Qh4 27. Qg3
Qf6 28. Rf2 Bf5 29. Bxf5 Qxf5 30. Qe3 Nd3 31. Rf3 Nxf4 32. Kh1 b5 33. cxb5 Qxd5
34. Qb3 Qxb3 35. Rxb3 Re8 36. Nf3 Kf7 37. h4 Ke7 38. Ng5 h6 39. Re3+ Kd7 40.
Rxe8 Kxe8 41. b6 Kd7 42. Ne4 d5 43. Nc5+ Kc6 44. b7 Kc7 45. Kg1 Ng6 46. Ne6+
Kxb7 47. h5 Ne7 48. Nxg7 Kc6 49. Ne8 Ng8 50. Kf2 Kd7 51. Ng7 Ke7 52. Nf5+ Kf6
53. Ng3 Kg5 54. Ke3 Nf6 55. Kd4 Nxh5 56. Nh1 Nf4 57. Nf2 Kh4 58. Nd1 h5 59. Ke5
Kg5 60. Nf2 h4 61. Kd4 Kf5 62. Ke3 Ne6 63. Kf3 Ng5+ 64. Ke3 Ne4 65. Nd3 Nf6 66.
Kf3 Ng4 67. Nb4 Ne5+ 68. Kg2 Ke4 69. Kh3 Ng6 70. Kg4 d4 0-1

[Event "North Bay int."]
[Site "North Bay CAN"]
[Date "1995.08.05"]
[Round "6"]
[White "Nickoloff, Bryon"]
[Black "Levine, David"]
[Result "1/2-1/2"]
[WhiteElo "2450"]
[BlackElo "2522"]
[PlyCount "98"]
[EventDate "1995.08.03"]
[EventType "swiss"]
[EventRounds "8"]
[EventCountry "CAN"]

1. d4 e6 2. c4 f5 3. g3 Nf6 4. Bg2 d5 5. Nf3 c6 6. Qc2 Bd6 7. Bf4 Bxf4 8. gxf4
Ne4 9. Nbd2 Nd7 10. e3 O-O 11. Nb3 a5 12. Nc1 a4 13. Nd3 Qa5+ 14. Ke2 Qd8 15.
h4 Qe8 16. Nfe5 Ndf6 17. Bf3 b6 18. cxd5 cxd5 19. Qc7 Qd8 20. Rac1 Ba6 21. Rhg1
Ng4 22. Nxg4 fxg4 23. Bxg4 Bxd3+ 24. Kxd3 Nxf2+ 25. Ke2 Nxg4 26. Rxg4 Qf6 27.
Rc6 Rac8 28. Qxc8 Rxc8 29. Rxc8+ Kf7 30. Rc7+ Ke8 31. h5 Qh6 32. Rg5 g6 33. Re5
gxh5 34. f5 Qg5 35. Rc8+ Ke7 36. f6+ Qxf6 37. Rxh5 Kd7 38. Rg8 Kc6 39. Rg2 h6
40. a3 Kb5 41. Rh1 Qf5 42. Rxh6 Kc4 43. Rh1 Qc2+ 44. Kf3 Qe4+ 45. Kf2 Kb3 46.
Rh8 b5 47. Rb8 Qd3 48. Kf3 Qe4+ 49. Kf2 Qd3 1/2-1/2

[Event "North Bay int."]
[Site "North Bay CAN"]
[Date "1995.08.06"]
[Round "7"]
[White "Day, Lawrence"]
[Black "Nickoloff, Bryon"]
[Result "1/2-1/2"]
[WhiteElo "2424"]
[BlackElo "2450"]
[PlyCount "42"]
[EventDate "1995.08.03"]
[EventType "swiss"]
[EventRounds "8"]
[EventCountry "CAN"]

1. e4 e5 2. Nf3 Nc6 3. Bc4 Nf6 4. d3 Bc5 5. c3 a6 6. Bb3 d6 7. Nbd2 Ba7 8. Nc4
Ne7 9. Be3 O-O 10. Bxa7 Rxa7 11. Ne3 Ng6 12. h3 Be6 13. Bc2 d5 14. exd5 Nxd5
15. O-O c5 16. Re1 b5 17. Nf1 Ndf4 18. Ng3 Rd7 19. Nxe5 Nxe5 20. Rxe5 Nxd3 21.
Bxd3 Rxd3 1/2-1/2

[Event "CAN-op"]
[Site "Toronto CAN"]
[Date "1995.07.08"]
[Round "1"]
[White "Nickoloff, Bryon"]
[Black "Reyes, Romuel"]
[Result "1-0"]
[WhiteElo "2435"]
[BlackElo "2090"]
[PlyCount "53"]
[EventDate "1995.07.08"]
[EventType "swiss"]
[EventRounds "10"]
[EventCountry "CAN"]

1. d4 Nf6 2. c4 g6 3. Nc3 Bg7 4. e4 d6 5. Be2 a6 6. Nf3 O-O 7. O-O c6 8. Re1
Nh5 9. e5 dxe5 10. Nxe5 Bxe5 11. dxe5 Qxd1 12. Rxd1 Ng7 13. f4 g5 14. Be3 Nd7
15. Rd2 Re8 16. Na4 Rb8 17. Ba7 Ra8 18. Bf2 Rb8 19. Rad1 Nf8 20. Ba7 Ra8 21.
Bb6 Nfe6 22. g3 Nf8 23. Kf2 Bh3 24. Nc5 Rab8 25. Bf3 Nge6 26. Ne4 Bf5 27. Ke3
1-0

[Event "CAN-op"]
[Site "Toronto CAN"]
[Date "1995.07.09"]
[Round "2"]
[White "Katz, David"]
[Black "Nickoloff, Bryon"]
[Result "1/2-1/2"]
[WhiteElo "2232"]
[BlackElo "2435"]
[PlyCount "46"]
[EventDate "1995.07.08"]
[EventType "swiss"]
[EventRounds "10"]
[EventCountry "CAN"]

1. e4 c5 2. Nf3 e6 3. d3 Nc6 4. g3 d5 5. Nbd2 g6 6. Bg2 Bg7 7. O-O Nge7 8. Re1
b6 9. c3 a5 10. e5 Ba6 11. Nf1 h6 12. h4 Qc7 13. Qe2 g5 14. hxg5 Ng6 15. gxh6
Bxe5 16. Nxe5 Qxe5 17. Ne3 O-O-O 18. Rb1 f5 19. b4 axb4 20. cxb4 Nxb4 21. Rxb4
cxb4 22. Bb2 Qd6 23. Bxh8 Rxh8 1/2-1/2

[Event "CAN-op"]
[Site "Toronto CAN"]
[Date "1995.07.09"]
[Round "3"]
[White "Nickoloff, Bryon"]
[Black "Teodoro, Roderick"]
[Result "1-0"]
[WhiteElo "2435"]
[BlackElo "2109"]
[PlyCount "81"]
[EventDate "1995.07.08"]
[EventType "swiss"]
[EventRounds "10"]
[EventCountry "CAN"]

1. d4 Nf6 2. c4 e6 3. Nf3 d5 4. Bg5 c6 5. e3 Nbd7 6. cxd5 exd5 7. Bd3 Be7 8.
Qc2 O-O 9. Nc3 Re8 10. h3 Nf8 11. Bf4 Bd6 12. Bxd6 Qxd6 13. O-O Be6 14. Rab1
Rac8 15. b4 N8d7 16. Rfc1 h6 17. Na4 b6 18. Nd2 g5 19. Nc3 g4 20. hxg4 Nxg4 21.
Nf1 Kh8 22. f3 Ngf6 23. Qf2 Rg8 24. Qh4 Qf8 25. Ne2 Rg5 26. Nfg3 Qg7 27. Kf2 c5
28. Ba6 Rc7 29. Qf4 Ne8 30. bxc5 Nf8 31. Rh1 Kg8 32. Qh4 bxc5 33. Qxh6 c4 34.
Qxg7+ Rxg7 35. Bb5 Nd6 36. Ba4 Nd7 37. Nh5 Rg5 38. Bxd7 Bxd7 39. Nf6+ Kg7 40.
Nxd7 Rxd7 41. Nc3 1-0

[Event "CAN-op"]
[Site "Toronto CAN"]
[Date "1995.07.10"]
[Round "4"]
[White "Meng, Ang"]
[Black "Nickoloff, Bryon"]
[Result "0-1"]
[WhiteElo "2189"]
[BlackElo "2435"]
[PlyCount "68"]
[EventDate "1995.07.08"]
[EventType "swiss"]
[EventRounds "10"]
[EventCountry "CAN"]

1. e4 c5 2. Nf3 d6 3. d4 cxd4 4. Nxd4 Nf6 5. Nc3 Nc6 6. Bg5 e6 7. Qd2 Be7 8.
O-O-O O-O 9. f3 Nxd4 10. Qxd4 Bd7 11. g4 Bc6 12. Be2 d5 13. e5 Nd7 14. Bxe7
Qxe7 15. h4 f6 16. exf6 Qxf6 17. g5 Qf4+ 18. Kb1 Ne5 19. Rhf1 Ng6 20. Nb5 Qxd4
21. Nxd4 Rae8 22. c4 Nxh4 23. f4 Ng2 24. Bg4 Nxf4 25. Rxf4 Rxf4 26. Bxe6+ Rxe6
27. Nxe6 Rf5 28. b4 dxc4 29. g6 hxg6 30. Rd4 Re5 31. Nd8 Bd5 32. Kb2 b5 33. a4
bxa4 34. b5 Bf7 0-1

[Event "CAN-op"]
[Site "Toronto CAN"]
[Date "1995.07.12"]
[Round "6"]
[White "Barclay, Wayne"]
[Black "Nickoloff, Bryon"]
[Result "0-1"]
[WhiteElo "2274"]
[BlackElo "2435"]
[PlyCount "150"]
[EventDate "1995.07.08"]
[EventType "swiss"]
[EventRounds "10"]
[EventCountry "CAN"]

1. d4 Nf6 2. c4 e6 3. Nc3 Bb4 4. e3 O-O 5. Bd3 c5 6. Nge2 cxd4 7. exd4 d5 8. a3
dxc4 9. Bxc4 Be7 10. d5 exd5 11. Nxd5 Nxd5 12. Bxd5 Nc6 13. O-O Bg4 14. Re1 Bf6
15. f3 Bf5 16. Qb3 Na5 17. Qa2 Qb6+ 18. Kh1 Rae8 19. Bd2 Bxb2 20. Rad1 Bc2 21.
Ng3 Bb3 22. Qxb2 Bxd1 23. Qa1 Rxe1+ 24. Bxe1 Bc2 25. Bxa5 Qg6 26. Bxb7 Qg5 27.
Bc7 Re8 28. Be4 Bxe4 29. Nxe4 Qe3 30. h3 Rc8 31. Qb1 h6 32. Kh2 Qxa3 33. Nd6
Rf8 34. Nf5 Re8 35. Bd6 Qc3 36. Qb5 Rd8 37. Be5 a6 38. Bxc3 axb5 39. Bxg7 Kh7
40. Bd4 b4 41. Kg3 b3 42. Bc3 Rg8+ 43. Kh2 Rc8 44. Ba1 Rc1 45. Bd4 Rc2 46. h4
h5 47. Kh3 b2 48. Bxb2 Rxb2 49. g4 Rb3 50. Kg2 Kg6 51. Ng3 hxg4 52. fxg4 Kf6
53. Nh5+ Ke5 54. Kh2 Ra3 55. Kg2 Ke4 56. Kh2 Kf3 57. Nf6 Ra2+ 58. Kh3 Ra1 59.
Kh2 Kf4 60. Kg2 Ra3 61. Kh2 Rd3 62. Kg2 Rg3+ 63. Kh2 Rxg4 64. Nxg4 Kxg4 65. Kg2
Kxh4 66. Kf3 Kg5 67. Kg3 Kf5 68. Kf3 f6 69. Ke3 Kg4 70. Kf2 Kf4 71. Ke2 Kg3 72.
Kf1 Kf3 73. Ke1 f5 74. Kf1 f4 75. Ke1 Kg2 0-1

[Event "CAN-op"]
[Site "Toronto CAN"]
[Date "1995.07.14"]
[Round "8"]
[White "Nickoloff, Bryon"]
[Black "Patterson, Roger"]
[Result "1-0"]
[WhiteElo "2435"]
[BlackElo "2292"]
[PlyCount "41"]
[EventDate "1995.07.08"]
[EventType "swiss"]
[EventRounds "10"]
[EventCountry "CAN"]

1. d4 d5 2. c4 dxc4 3. e3 Nf6 4. Bxc4 e6 5. Nf3 c5 6. O-O Nc6 7. Qe2 cxd4 8.
Rd1 Be7 9. exd4 O-O 10. Nc3 a6 11. d5 exd5 12. Nxd5 Nxd5 13. Bxd5 Qc7 14. Qe4
Bd6 15. Ng5 g6 16. Nxf7 Rxf7 17. Bxf7+ Qxf7 18. Rxd6 Bf5 19. Qh4 Re8 20. Be3
Qc7 21. Qc4+ 1-0

[Event "CAN-op"]
[Site "Toronto CAN"]
[Date "1995.07.15"]
[Round "9"]
[White "Taylor, Gordon"]
[Black "Nickoloff, Bryon"]
[Result "1/2-1/2"]
[WhiteElo "2418"]
[BlackElo "2435"]
[PlyCount "20"]
[EventDate "1995.07.08"]
[EventType "swiss"]
[EventRounds "10"]
[EventCountry "CAN"]

1. d4 Nf6 2. c4 e6 3. g3 d5 4. Bg2 dxc4 5. Nf3 a6 6. Ne5 c5 7. Be3 Nd5 8. dxc5
Nd7 9. Bd4 Nxe5 10. Bxe5 Qa5+ 1/2-1/2

[Event "Toronto op"]
[Site "Toronto CAN"]
[Date "1995.04.14"]
[Round "1"]
[White "Nickoloff, Bryon"]
[Black "Olszewski, Piotr"]
[Result "1-0"]
[WhiteElo "2483"]
[BlackElo "2315"]
[PlyCount "59"]
[EventDate "1995.04.14"]
[EventType "swiss"]
[EventRounds "6"]
[EventCountry "CAN"]

1. d4 Nf6 2. c4 c5 3. d5 e6 4. Nc3 exd5 5. cxd5 d6 6. Nf3 g6 7. Nd2 a6 8. a4
Nbd7 9. e4 Bg7 10. Be2 O-O 11. O-O Re8 12. Qc2 Nh5 13. Bxh5 gxh5 14. Nd1 Ne5
15. Ne3 Ng4 16. Nxg4 hxg4 17. Nc4 Qe7 18. Re1 Bf5 19. Bf4 Bxe4 20. Bxd6 Qxd6
21. Nxd6 Bxc2 22. Rxe8+ Rxe8 23. Nxe8 Be4 24. d6 Bf5 25. Rd1 Bd7 26. Re1 Bxb2
27. Re7 Kf8 28. Rxd7 Kxe8 29. Rxb7 Be5 30. Re7+ 1-0

[Event "Toronto Closed"]
[Site "Toronto CAN"]
[Date "1995.??.??"]
[Round "1"]
[White "Nickoloff, Bryon"]
[Black "Livshits, Ron"]
[Result "0-1"]
[WhiteElo "2420"]
[BlackElo "2365"]
[PlyCount "75"]
[EventDate "1995.??.??"]
[EventType "tourn"]
[EventRounds "10"]
[EventCountry "CAN"]

1. d4 d5 2. c4 dxc4 3. e3 Nf6 4. Bxc4 e6 5. Nf3 c5 6. O-O a6 7. Bd3 cxd4 8.
exd4 Be7 9. Nc3 b5 10. a4 bxa4 11. Ne5 Bb7 12. Qxa4+ Nfd7 13. d5 exd5 14. Bf5
g6 15. Re1 gxf5 16. Nxd7 Qxd7 17. Bg5 f6 18. Bxf6 O-O 19. Rxe7 Qxa4 20. Rxa4
Rf7 21. Re8+ Rf8 22. Rxf8+ Kxf8 23. Rf4 Kf7 24. Rxf5 Ke6 25. Rf4 Nc6 26. Bh4
Ne5 27. Rf6+ Kd7 28. Na4 Re8 29. f3 Kc8 30. Bg3 Nd7 31. Rf7 Re6 32. Rxh7 Bc6
33. Nc3 d4 34. Ne4 d3 35. Nd2 Nb6 36. h4 Nd5 37. h5 Re2 38. Nc4 0-1

[Event "Toronto Closed"]
[Site "Toronto CAN"]
[Date "1995.??.??"]
[Round "3"]
[White "Nickoloff, Bryon"]
[Black "Crisan, Ioan"]
[Result "1-0"]
[WhiteElo "2420"]
[BlackElo "2235"]
[PlyCount "79"]
[EventDate "1995.??.??"]
[EventType "tourn"]
[EventRounds "10"]
[EventCountry "CAN"]

1. d4 Nf6 2. c4 e6 3. Nf3 b6 4. g3 Ba6 5. b3 Bb4+ 6. Bd2 Be7 7. Nc3 Bb7 8. Bg2
O-O 9. O-O Ne4 10. d5 Nxc3 11. Bxc3 Bf6 12. Rc1 d6 13. Nd4 e5 14. Nf5 g6 15.
Nh6+ Kh8 16. f4 Bg7 17. Ng4 f5 18. Nf2 e4 19. g4 Qe7 20. e3 Nd7 21. g5 b5 22.
Qd2 bxc4 23. Bxg7+ Qxg7 24. Rxc4 Ba6 25. Rxc7 Bxf1 26. Bxf1 Rf7 27. Rc6 Qf8 28.
Nd1 Kg8 29. Nc3 Nb8 30. Rc4 Nd7 31. Nb5 Nc5 32. b4 Nb7 33. Qc3 Rd7 34. Nc7 Rb8
35. Ne6 Qe8 36. a4 Nd8 37. Rc8 Rxc8 38. Qxc8 a6 39. Bxa6 Kf7 40. Bb5 1-0

[Event "Toronto Closed"]
[Site "Toronto CAN"]
[Date "1995.??.??"]
[Round "5"]
[White "Nickoloff, Bryon"]
[Black "Southam, Todd"]
[Result "1-0"]
[WhiteElo "2420"]
[BlackElo "2315"]
[PlyCount "149"]
[EventDate "1995.??.??"]
[EventType "tourn"]
[EventRounds "10"]
[EventCountry "CAN"]

1. d4 Nf6 2. c4 g6 3. Nc3 Bg7 4. e4 d6 5. Be2 O-O 6. Nf3 Bg4 7. Be3 Nfd7 8. Ng1
Bxe2 9. Ngxe2 e5 10. d5 f5 11. exf5 gxf5 12. f4 Nf6 13. h3 Nh5 14. O-O Nd7 15.
Qd2 a6 16. fxe5 Nxe5 17. b3 Ng6 18. Bh6 Bxh6 19. Qxh6 Qh4 20. Rad1 f4 21. Nd4
Ne5 22. Ne4 f3 23. Qg5+ Qxg5 24. Nxg5 fxg2 25. Kxg2 Nf4+ 26. Kg3 Nh5+ 27. Kh4
Nf4 28. Nge6 Neg6+ 29. Kg4 Nxe6 30. Nxe6 Rxf1 31. Rxf1 c6 32. Rd1 Kf7 33. Ng5+
Ke7 34. dxc6 bxc6 35. Nxh7 Ne5+ 36. Kf4 c5 37. Ng5 a5 38. Rg1 a4 39. Rg3 axb3
40. axb3 Rf8+ 41. Ke4 Rf1 42. Nf3 Nf7 43. h4 Rb1 44. Ng5 Ne5 45. h5 Re1+ 46.
Kf4 Rf1+ 47. Nf3 Rh1 48. Nxe5 dxe5+ 49. Kg5 Ke6 50. Rg4 Rb1 51. h6 Kf7 52. Kf5
Rxb3 53. Rg7+ Kf8 54. Rc7 Kg8 55. Kxe5 Rh3 56. Rg7+ Kf8 57. Rg6 Kf7 58. Rc6
Rh5+ 59. Ke4 Kg8 60. Rf6 Kh7 61. Re6 Kg8 62. Re5 Rxh6 63. Kd5 Kf7 64. Kxc5 Rh1
65. Kc6 Kf6 66. Re2 Rc1 67. c5 Rc3 68. Kd6 Rd3+ 69. Kc7 Rc3 70. c6 Rc1 71. Kd7
Rd1+ 72. Kc8 Kf5 73. c7 Kf6 74. Rb2 Ke7 75. Kb8 1-0